000 00650nam a2200229 a 4500
001 BRL_1570
005 20190320211251.0
008 140314s1913----gw-a######---#000-0#ger-#
041 _ager
044 _agw
050 4 _aT750
_b.D66 1913
100 1 _aDonner, Mizi
_927313
245 1 0 _aIch kann handarbeiten
_billuftriertes handbuch für die techniken der weiblichen handarbei
_cMizi Donner und Carl Schnebel.
260 _aBerlin
_bUllstein & Co.
_c[1913]
300 _a395 p.
_bil.
_c24 cm.
500 _aAu1621
650 1 4 _aCostura
_96104
650 1 4 _aBordado
_94753
700 1 _aSchnebel, Carl
_927314
902 _aGRL
942 _2lcc
_cB
999 _c10379
_d10379